00414nam a22001457a 450000500170000000800410001702200130005804100120007108200130008310000120009624500250010826000810013330000290021465000250024320240821111746.0240821b |||||||| |||| 00| 0 eng d a20726678 aEnglish a349 NAM  lEnglish aNamibia Law Journal  aWindhoek: bNamibia Law Journal Trust and Konrad Adenauer Foundation, c2016 biv, 142 pages; c25 cm.  aLegal practice bLaw